000 00855nam a2200193 i 4500
001 38074
003 ES-MaACL
005 20230906155706.0
007 t|
008 030224s1888 sp ||||1| spa d
100 1 _aCalabuig y Carra, Vicente.
_933509
245 1 0 _aDiscurso leído en la solemne apertura del curso académico de 1888 a 1889 en la Universidad Literaria de Valencia /
_cpor Vicente Calabuig y Carra.
260 _aValencia :
_b[s.n.],
_c1888 (
_eImp. de Nicasio Rius Monfort)
300 _a52 p. ;
_c31 cm.
500 _aTít. en antep.: Concepto del derecho privado y desenvolvimiento orgánico de sus instituciones : la codificación civil en España.
710 2 _aUniversidad Literaria de Valencia.
_97392
740 0 _aConcepto del derecho privado y desenvolvimiento orgánico de sus instituciones.
852 _aES-MaACL
_jT-1323-F-2
999 _c38074
_d38074